Kodaň, a co dál? Nesplněná očekávání a výhledy do budoucna

Konferencia v Kodani venovaná boju s klimatickými zmenami na medzinárodnej úrovni. Očakávania a realita konferencie. Kodaňská dohoda. Význam dohody a výhliadky do budúcnosti.

Gespeichert in:
Bibliographische Detailangaben
1. Verfasser: Doležal, Jan
Format: Buchkapitel
Sprache:Tschechisch
Schlagworte:
Tags: Tag hinzufügen
Keine Tags, Fügen Sie das erste Tag hinzu!

MARC

LEADER 00000naa$a2200000$$$4500
001 0111619
005 20231016094219.0
041 0 |a cze 
044 |a CZ 
245 1 0 |a Kodaň, a co dál?  |b Nesplněná očekávání a výhledy do budoucna  |c Jan Doležal 
520 |a Konferencia v Kodani venovaná boju s klimatickými zmenami na medzinárodnej úrovni. Očakávania a realita konferencie. Kodaňská dohoda. Význam dohody a výhliadky do budúcnosti. 
610 2 0 |a zmeny klimatické 
610 2 0 |a ochrana prostredia životného 
610 2 0 |a konferencie 
610 2 0 |a spolupráca medzinárodná 
610 2 0 |a organizácie medzinárodné 
100 1 |a Doležal, Jan